000 00240 a2200109 4500
001 11607
090 _c8962
_d8962
100 _aJane's
245 _aJane's electro optics image intensifier system, 1996
260 _bJane's
740 _aelectroptics
942 _aNUST-CAE
999 _c246680
_d246680